000 00600nam a2200181 i 4500
001 24284
003 ES-MaACL
005 20230906153024.0
007 t|
008 021217s1925 sp ||||1| spa d
245 0 3 _aLa anticipación del retiro en las industrias agotadoras.
260 _aMadrid :
_b[s.n.,
_c1925] (
_fSobrinos de los Suc. de M. Minuesa)
300 _aIV, 138 p., 1 lám. ;
_c22 cm.
490 1 _aPublicaciones del Instituto Nacional de Previsión
830 0 _aPublicaciones del Instituto Nacional de Previsión
_9181151
852 _aES-MaACL
_j1691-F-28
999 _c24284
_d24284